00553nam a2200157 i 4500001000300000245011400003260002800117490003300145700001900178830003300197040000800230041000800238080001000246008004100256856009800297bg 0aProblemes de rheologie et de mecanigue des sols :bsymposium franco-polonais Nice 1974 /cred. W. K. Nowacki. aVarsovie :bPWN,c1977.1 aSerie de Mecanique Appliquee1 aNowacki, W. K. aSerie de Mecanique Appliquee cBPK apol a624.1 s pl f |000 0 pol  uhttp://koha.tu.koszalin.pl/cgi-bin/koha/opac-detail.pl?biblionumber=27634yKatalog online BPK